000 00364nam a22001697a 4500
003 UA-OsUOA
001 5542
007 ta
008 20050721b un ||||| |||| 00| 0 ukr d
100 _aHouse
700 _aRoger
942 _cBK
040 _aUA-OsUOA
_cUA-OsUOA
_dUA-OsUOA
245 _aMasterclass. Proficiency. T. B.
_bPractice
955 _a2
650 7 _2UDC
999 _c291704
_d291704